Về phương pháp phân tích khung hình trong khoa học xã hội /

Gardado en:
Detalles Bibliográficos
Autor Principal: Lê Minh Tiến
Formato: Artigo
Idioma:Vietnamese
Những chủ đề:
Các nhãn: Engadir etiqueta
Sen Etiquetas, Sexa o primeiro en etiquetar este rexistro!
Thư viện lưu trữ: Thư viện Trường Đại học Đà Lạt
LEADER 00740nam a2200253 4500
001 DLU140163389
005 ##20140820
040 # # |a DLU  |b vie 
041 # # |a vie 
044 # # |a vn 
100 # # |a Lê Minh Tiến 
245 # # |a Về phương pháp phân tích khung hình trong khoa học xã hội /  |c Lê Minh Tiến 
653 # # |a Khung hình 
653 # # |a Phân tích 
773 # # |t Tạp chí Khoa học Xã hội Việt Nam  |g Số3(175), 2013, tr. 67-71 
920 # # |a Phòng Tạp chí -- Trung tâm Thông tin - Thư viện Trường Đại học Đà Lạt 
994 # # |a DLU 
900 # # |a True 
911 # # |a Nguyễn Thị Tưởng 
925 # # |a G 
926 # # |a A 
927 # # |a BB 
980 # # |a Thư viện Trường Đại học Đà Lạt